[Event "Natal Potiguar B1"]
[Site "Natal"]
[Date "2018.04.14"]
[Round "3.3"]
[White "De Lima, Enzo Magalhaes"]
[Black "Ananias, Thales Rodrigo Lima"]
[Result "1/2-1/2"]
[WhiteElo "1500"]
[BlackElo "1486"]
[PlyCount "107"]
[EventDate "2018.04.13"]
[EventType "tourn"]
[EventRounds "9"]
[EventCountry "BRA"]
[SourceTitle "EXT 2022"]
[Source "ChessBase"]
[SourceDate "2021.10.06"]
[SourceVersion "1"]
[SourceVersionDate "2021.10.06"]
[SourceQuality "1"]

1. d4 d5 2. c4 Nf6 3. cxd5 Nxd5 4. e4 Nf6 5. Nc3 e5 6. d5 Bc5 7. Be2 0-0 8. Nf3 Nbd7 9. 0-0 Re8 10. Bg5 h6 11. Bh4 Qe7 12. Qc2 a6 13. Rac1 Bd4 14. Rfd1 Qc5 15. Na4 Qxc2 16. Rxc2 Nxe4 17. Nxd4 exd4 18. Rxd4 Ndc5 19. Nxc5 Nxc5 20. Rdc4 b6 21. Bg3 Bf5 22. Rxc5 bxc5 23. Rd2 Ra7 24. Kf1 Re4 25. f3 Rd4 26. Rxd4 cxd4 27. Bf2 c5 28. dxc6 Rc7 29. Bxd4 Rxc6 30. a3 Be6 31. b4 Bc4 32. a4 Bxe2+ 33. Kxe2 Rc2+ 34. Kf1 Ra2 35. a5 Rd2 36. Bc5 g6 37. h3 f5 38. Be3 Rb2 39. Bxh6 Rxb4 40. Bd2 Rd4 41. Ke2 Kf7 42. g4 fxg4 43. hxg4 Ke6 44. Ke3 Kd5 45. f4 g5 46. fxg5 Rxg4 47. Kf3 Rc4 48. g6 Ke6 49. g7 Kf7 50. Bh6 Rc6 51. Be3 Kxg7 52. Bb6 Kf7 53. Ke4 Ke8 54. Kd5 1/2-1/2

[Event "Natal Potiguar-ch sf"]
[Site "Natal"]
[Date "2017.09.09"]
[Round "3"]
[White "Pereira, Wilson Roberto De M"]
[Black "Ananias, Thales Rodrigo Lima"]
[Result "1-0"]
[WhiteElo "1789"]
[BlackElo "1463"]
[PlyCount "47"]
[EventDate "2017.09.08"]
[EventType "swiss"]
[EventRounds "6"]
[EventCountry "BRA"]
[SourceTitle "EXT 2018"]
[Source "ChessBase"]
[SourceDate "2017.10.13"]
[SourceVersion "1"]
[SourceVersionDate "2017.10.13"]
[SourceQuality "1"]

1. Nf3 d5 2. g3 c5 3. d3 Nc6 4. Nbd2 Bg4 5. Bg2 e6 6. 0-0 Nf6 7. e4 Bd6 8. Re1 Qc7 9. c3 0-0 10. Qc2 Rfe8 11. Nf1 h6 12. Ne3 Ne5 13. Nxe5 Bxe5 14. Nxg4 Nxg4 15. h3 Nxf2 16. Rf1 Nxh3+ 17. Bxh3 Bxg3 18. Qg2 dxe4 19. dxe4 Rad8 20. Be3 Rd3 21. Rf3 Be5 22. Raf1 f6 23. Bxh6 Bh2+ 24. Kh1 1-0

[Event "Joao Pessoa Fischer Memorial 8th"]
[Site "Joao Pessoa"]
[Date "2017.03.19"]
[Round "5"]
[White "Ananias, Thales Rodrigo Lima"]
[Black "Souza, Neurismar da Rocha"]
[Result "0-1"]
[WhiteElo "1511"]
[BlackElo "1699"]
[PlyCount "28"]
[EventDate "2017.03.17"]
[EventType "swiss"]
[EventRounds "6"]
[EventCountry "BRA"]
[SourceTitle "CBM 177 Extra"]
[Source "ChessBase"]
[SourceDate "2017.04.27"]
[SourceVersion "1"]
[SourceVersionDate "2017.04.27"]
[SourceQuality "1"]

1. Nf3 Nc6 2. g3 Nf6 3. Nc3 e5 4. d3 Bb4 5. Bd2 d5 6. a3 Ba5 7. b4 Bb6 8. b5 Nd4 9. Nxe5 Qe7 10. Bf4 g5 11. Bxg5 Qxe5 12. Bxf6 Qxf6 13. Nxd5 Qe5 14. Nxb6 Nf3# 0-1

[Event "Joao Pessoa Fischer Memorial 8th"]
[Site "Joao Pessoa"]
[Date "2017.03.18"]
[Round "4"]
[White "Ananias, Thales Rodrigo Lima"]
[Black "Da Silva, Gerson Lennon Cabra"]
[Result "1-0"]
[WhiteElo "1511"]
[BlackElo "1347"]
[PlyCount "98"]
[EventDate "2017.03.17"]
[EventType "swiss"]
[EventRounds "6"]
[EventCountry "BRA"]
[SourceTitle "CBM 177 Extra"]
[Source "ChessBase"]
[SourceDate "2017.04.27"]
[SourceVersion "1"]
[SourceVersionDate "2017.04.27"]
[SourceQuality "1"]

1. Nf3 d5 2. g3 Nf6 3. Bg2 Bf5 4. 0-0 Nbd7 5. Nc3 e5 6. d3 c6 7. Bg5 d4 8. Ne4 Bxe4 9. dxe4 Be7 10. Nh4 h6 11. Bxf6 Bxf6 12. Qd3 Bxh4 13. gxh4 Qxh4 14. Qg3 Qf6 15. f4 exf4 16. Rxf4 Qg5 17. Rg4 Qe3+ 18. Qxe3 dxe3 19. Rxg7 Ne5 20. Rf1 Kf8 21. Rg3 Rd8 22. Rxe3 Rd2 23. Rb3 b6 24. Rf5 Rd1+ 25. Kf2 Ng4+ 26. Kf3 Rg8 27. h3 Nh2+ 28. Kf2 Rd2 29. Rg3 Rxe2+ 30. Kxe2 Rxg3 31. Kf2 Rg6 32. Kg1 Ng4 33. hxg4 Rxg4 34. Kf2 Rg5 35. Rxg5 hxg5 36. Kg3 Ke7 37. Kg4 f6 38. Kf5 c5 39. e5 fxe5 40. Kxe5 g4 41. Kd5 Kd7 42. Bh1 Ke7 43. Kc4 a6 44. a4 Kd6 45. c3 Kc7 46. b4 cxb4 47. cxb4 b5+ 48. axb5 axb5+ 49. Kxb5 Kd6 1-0

[Event "Rio Grande do Norte zt CBX"]
[Site "Natal"]
[Date "2016.04.24"]
[Round "5.9"]
[White "Ananias, Thales Rodrigo Lima"]
[Black "Macedo, Alexandre Soares"]
[Result "0-1"]
[WhiteElo "1481"]
[BlackElo "1839"]
[PlyCount "44"]
[EventDate "2016.04.22"]
[EventType "swiss"]
[EventRounds "6"]
[EventCountry "BRA"]
[SourceTitle "EXT 2022"]
[Source "ChessBase"]
[SourceDate "2021.10.06"]
[SourceVersion "1"]
[SourceVersionDate "2021.10.06"]
[SourceQuality "1"]

1. e4 c6 2. Nc3 d5 3. d4 dxe4 4. Nxe4 Nf6 5. Nxf6+ exf6 6. Nf3 Bd6 7. Be3 Na6 8. Qd2 Be6 9. Bd3 Nb4 10. 0-0 Nxd3 11. Qxd3 0-0 12. Rfe1 Qd7 13. h3 Bf5 14. Qb3 a5 15. c4 a4 16. Qd1 a3 17. bxa3 Bxa3 18. c5 Bb2 19. Qd2 Bxa1 20. Rxa1 Ra3 21. g4 Bxg4 22. hxg4 Qxg4+ 0-1

[Event "Potiguar-ch"]
[Site "Natal"]
[Date "2014.08.22"]
[Round "6"]
[White "De Araujo, Antonio Jose"]
[Black "Ananias, Thales Rodrigo Lima"]
[Result "1-0"]
[WhiteElo "1676"]
[BlackElo "1730"]
[PlyCount "72"]
[EventDate "2014.08.15"]
[EventType "swiss"]
[EventRounds "9"]
[EventCountry "BRA"]
[SourceTitle "CBM 162 Extra"]
[Source "ChessBase"]
[SourceDate "2014.10.17"]
[SourceVersion "1"]
[SourceVersionDate "2014.10.17"]
[SourceQuality "1"]

1. Nf3 d5 2. g3 Nc6 3. Bg2 e5 4. d3 Nf6 5. 0-0 Bg4 6. h3 Bxf3 7. Bxf3 Bc5 8. Nc3 0-0 9. Na4 Be7 10. Bg5 h6 11. Bd2 Qd7 12. Nc3 d4 13. Ne4 Nxe4 14. Bxe4 Qxh3 15. Bg2 Qe6 16. e4 f5 17. Bh3 Qg6 18. exf5 Rxf5 19. Qg4 Qxg4 20. Bxg4 Rf6 21. f4 exf4 22. Bxf4 Bd6 23. Bxd6 Rxd6 24. Kg2 Ne5 25. Bf5 Rf8 26. Be4 Rxf1 27. Rxf1 Ng4 28. Kh3 Ne3 29. Rf2 b6 30. c4 dxc3 31. bxc3 Nd1 32. Rc2 Ne3 33. Rc1 Re6 34. Re1 Nc2 35. Re2 Rxe4 36. dxe4 Na3 1-0